000 02156nam0a2200361 4500
001 RU\NLR\bibl\1947715
005 20260405114135.0
010 _a978-5-7103-2398-4
_9200
021 _aRU
_b2012-65026
_94776
035 _a(NLR Aleph) 001936896
090 _a3512076
_c3512076
100 _a20120924d2012 |||y0rusy50 ca
101 0 _arus
102 _aRU
105 _aa |||||||||
200 1 _aЛабораторный практикум по механике
_eучебное пособие для студентов высших учебных заведений, обучающихся по специальности "Электрификация и автоматизация сельского хозяйства"
_fМ-во образования и науки Рос. Федерации, Гос. образоват. учреждение высш. проф. образования "Мордов. гос. ун-т им. Н.П. Огарева"
_g[Н.И. Наумкин и др.]
_gпод общ. ред. д.т.н. П.В. Сенина и д.п.н. Н.И. Наумкина
205 _aИзд. 4-е, испр. и доп.
210 _aСаранск
_cИзд-во Мордовского университета
_d2012
215 _a140, [3] с.
_cил.
_d21
225 1 _aУчебники Мордовского университета
320 _aБиблиогр. в конце кн. (9 назв.)
606 1 _aМеханика
_jУчебные издания для высших учебных заведений
_xЛабораторная практика
_91571948
_3RU\NLR\auth\66688890
686 _aВ2я73-5
702 1 _aНаумкин
_bН. И.
_gНиколай Иванович
_4220
702 1 _4340
_8rus
_7ca
_aСенин
_bП. В.
_f1953-
_gПетр Васильевич
_3RU\NLR\auth\7744721
_927661
712 0 2 _4570
_aМордовский государственный университет им. Н. П. Огарева
_cСаранск
_9357326
_3RU\NLR\AUTH\889930926
801 0 _aRU
_bNLR
_c20120924
_gRCR
801 1 _aRU
_bNLR
_c20120924
830 _aпо кн
942 _cBOOK
980 _aNB